Detalles MARC
| 000 -CABECERA |
| fixed length control field |
01072nam a22002897a 4500 |
| 003 - CONTROL NUMBER IDENTIFIER |
| control field |
AR-BeUNQ |
| 005 - FECHA Y HORA DE LA ULTIMA TRANSACCION |
| control field |
20240430121332.0 |
| 008 - ELEMENTOS DE LONGITUD FIJA-INFORMACION GENERAL |
| fixed length control field |
180413b xxu||||| |||| 00| 0 spa d |
| 020 ## - NUMERO INTERNACIONAL NORMALIZADO PARA LIBROS |
| Número Internacional Normalizado del libro |
9875502391 |
| 040 ## - FUENTE DE CATALOGACION |
| Agencia de catalogación original |
AR-BeUNQ |
| Idioma de catalogación |
ESPAÑOL |
| Convenciones de la descripción |
aacr |
| Agencia que realiza la transcripción |
AR-BeUNQ |
| 082 #9 - NUMERO DE CLASIFICACION DECIMAL DEWEYMBER |
| Número de la edición |
21 |
| Número de clasificación |
907 |
| 100 ## - ASIENTO PRINCIPAL-NOMBRE PERSONAL |
| Nombre personal |
Canesa, Julio |
| Término relacionador |
aut |
| 245 ## - MENCION DE TITULO |
| Título |
Historia 4 : De la gran crisis a la globalización : |
| Otra información sobre el título |
(1930 hasta la actualidad) |
| Mención de responsabilidad, etc |
Julio Canessa |
| 250 ## - MENCION DE EDICION |
| Mención de edición |
1a. ed |
| 260 ## - PUBLICACION, DISTRIBUCION, ETC. |
| Lugar de publicación, distribución, etc. |
Buenos Aires : |
| Nombre del editor, distribuidor, etc. |
Longseller, |
| Fecha de publicación, distribución, etc |
2002 |
| 300 ## - DESCRIPCION FISICA |
| Extensión |
112 p. ; |
| Otros detalles físicos |
il. ; |
| Dimensiones |
28 cm. |
| 490 ## - MENCION DE SERIE |
| Mención de serie |
Historia | Polimodal |
| Designación numérica/secuencial del volumen |
4 |
| Número International Normalizado para Libros |
987948164x |
| 504 ## - NOTA DE BIBLIOGRAFIA, ETC. |
| Nota de bibliografía, etc. |
Referencias bibliográficas y Fuentes Bibliográficas |
| 505 ## - NOTA DE CONTENIDO |
| Nota de contenido con formato preestablecido |
Actividad inicial, texto central o enmarcado. Actividades, Guia de profundizacion |
| Información miscelánea |
Texto enmarcado |
| 521 ## - NOTA DE AUDIENCIA |
| Nota de audiencia |
secundaria |
| 600 ## - ASIENTO SECUNDARIO DE MATERIA - NOMBRE PERSONAL |
| Nombre personal |
Paura, Vilma |
| Títulos y otras palabras asociadas con el nombre |
Licenciada |
| 650 ## - ASIENTO SECUNDARIO DE MATERIA - TERMINO TEMATICO |
| Término temático o nombre geográfico como elemento de entrada |
Historia siglo XX |
| Fuente del encabezamiento o términ |
spines |
| 651 ## - ASIENTO SECUNDARIO DE MATERIA - NOMBRE GEOGRAFICO |
| Nombre geográfico |
Europa - América Latina |
| Fuente del encabezamiento o término |
tell |
| 700 ## - ASIENTO SECUNDARIO - NOMBRE DE PERSONA |
| Personal name |
Serrano, Gerardi |
| Relator term |
coaut |
| Form subheading |
siglo XX |
| Language of a work |
academico |
| 929 ## - DATOS DE ADQUISICION |
| Procedencia |
DONACION |
| Proveedor |
EES N° 15 |
| Fecha de recibido |
201712010 |
| Número de inventario |
56872 |
| Patrimonio UNQ |
PAT0081451 |
| 942 ## - ELEMENTOS DE PUNTO DE ACCESO ADICIONAL (KOHA) |
| Tipo de ítem Koha |
Libros |
| Suppress in OPAC |
0 |